000 00967nam a2200217Ia 4500
999 _c54024
_d54024
003 GCL
005 20240530105220.0
008 140319s9999 xx 000 0 ara d
040 _aGCL /
_cGCL
082 0 4 _a189.9 \
_bح م
100 1 _aحسن حنفى
245 1 0 _aمن العقيدة الى الثورة /
_cحسن حنفى
_n1
_pالمقدمات النظرية
_n2
_pالانسان الكامل : التوحيد
_n3
_pالانسان المتعين : العدل
_n5
_pالتاريخ المتعين : الايمان والعمل والامامة
260 _aالمغرب :
_bالمركز الثقافى العربى ،
260 _aالقاهرة :
_bمكتبة مدبولى
300 _a5 مج ؛
_c24 سم
490 _aموقفنا من التراث القديم
_v1
490 _aالتراث و التجديد
_v1
650 0 4 _aالفلسفة الاسلامية - تاريخ
650 0 4 _aالثقافة - العالم العربى
942 _2ddc
_cBK